| 000 | 01926nam a2200433 c 4500 | ||
|---|---|---|---|
| 001 | 43897 | ||
| 003 | ES-MaCES | ||
| 005 | 20210726135855.0 | ||
| 007 | cr ||||||||||| | ||
| 008 | 981125s1994 sp |||||||||||00||0 spa|d | ||
| 035 | _a0008600000021 | ||
| 040 |
_aES-MaCES _bspa _cES-MaCES |
||
| 245 | 0 | 0 | _aDictamen 9-1994, sobre el Anteproyecto de Ley sobre Supervisión de los Seguros Privados |
| 300 | _a83 p. (167 Kb.) | ||
| 593 |
_cEconomía y Fiscalidad _iD-009-1994 _f19941123 _sPleno ordinario _vPresentes 50, Sí 28, No 18 y 3 Abstenciones _yU.G.T. _yCC.OO. _yGrupo Segundo _yD. Javier Matía Prim _yDª Juana María González-Cavada De Cuena _yMiguel Angel Santos Genero |
||
| 650 | 4 |
_arégimen privado de pensión _930260 |
|
| 650 | 4 |
_aprotección complementaria _930466 |
|
| 650 | 4 |
_amutualidad _930256 |
|
| 650 | 4 |
_aseguros _928121 |
|
| 653 | 1 | 0 | _aFinanciación |
| 700 | 1 |
_aGarcía Callejo, José María _einterviniente _912805 |
|
| 700 | 1 |
_aAparicio Bravo, Elías _einterviniente _96384 |
|
| 700 | 1 |
_aMatía Prim, Javier _einterviniente _918147 |
|
| 700 | 1 |
_aGarcía Díaz, Miguel Ángel _einterviniente _912862 |
|
| 700 | 1 |
_aMontalvo Correa, Jaime _einterviniente _918871 |
|
| 700 | 1 |
_aFandiño Crespo, José Manuel _einterviniente _911598 |
|
| 700 | 1 |
_aGracia Arellano, Antonio _einterviniente _914013 |
|
| 700 | 1 |
_aNava Cano, Juan José _einterviniente _919502 |
|
| 700 | 1 |
_aRodríguez Sánchez, Julio _einterviniente _922439 |
|
| 700 | 1 |
_aMoreno Piñero, Fernando _einterviniente _919131 |
|
| 700 | 1 |
_aFidalgo Velilla, José María _einterviniente _912096 |
|
| 700 | 1 |
_aPujol Segarra, Joan _einterviniente _921498 |
|
| 700 | 1 |
_aPujol Segarra, Joan _eponente _921498 |
|
| 710 | 1 |
_aEspaña _bMinisterio de Economía y Hacienda _esolicitante _93237 |
|
| 856 |
_uhttp://www.ces.es/documents/DIC/1994/09 _ytexto completo |
||
| 902 | _aDictamen | ||
| 942 |
_2CES _cDI _h0.0. |
||
| 999 |
_c43897 _d43897 |
||